[Event "Master Tournament (MTO)"]
[Site "Biel/Bienne"]
[Date "2018.07.25"]
[Round "3.18"]
[White "Gindi, Shachar"]
[Black "Lampert, Jonas"]
[Result "0-1"]
[WhiteElo "2378"]
[BlackElo "2546"]
[PlyCount "74"]
[EventDate "2018.07.23"]

1. d4 d5 2. c4 e6 3. Nf3 c6 4. Nc3 dxc4 5. e4 b5 6. Be2 Bb7 7. O-O Nf6 8. b3 b4
9. e5 Nd5 10. Nxd5 cxd5 11. bxc4 dxc4 12. Bxc4 Be7 13. a3 O-O 14. axb4 Bxb4 15.
Ng5 h6 16. Nxf7 Rxf7 17. Qb3 Qe7 18. Bxe6 Nc6 19. Bb2 Nd8 20. Bxf7+ Nxf7 21. d5
a5 22. d6 Qg5 23. f3 Rb8 24. Qa2 Ba6 25. f4 Qf5 26. Rfc1 Qxf4 27. Rc7 Bc5+ 28.
Kh1 Bc4 29. Qxa5 Rxb2 30. Rxc5 Bf1 31. Qa8+ Kh7 32. Re1 Bxg2+ 33. Qxg2 Rxg2 34.
Kxg2 Ng5 35. h4 Qf3+ 36. Kg1 Qg3+ 37. Kf1 Nh3 0-1

[Event "Master Tournament (MTO)"]
[Site "Biel/Bienne"]
[Date "2018.07.25"]
[Round "3.20"]
[White "Romanov, Evgeny"]
[Black "Nunbhakdi, Tawin Matthew"]
[Result "1-0"]
[WhiteElo "2636"]
[BlackElo "2026"]
[PlyCount "93"]
[EventDate "2018.07.23"]

1. c4 e5 2. g3 Nc6 3. Bg2 d6 4. Nc3 Be6 5. d3 Qd7 6. Nd5 g6 7. Nf3 h6 8. Qb3
Nd8 9. d4 c6 10. Nc3 Bg7 11. dxe5 dxe5 12. Ne4 f5 13. Nc5 Qc7 14. O-O Ne7 15.
e4 b6 16. Nxe6 Nxe6 17. exf5 Nc5 18. Qc2 Nxf5 19. b4 Ne6 20. Bb2 O-O 21. Rae1
Ned4 22. Nxd4 exd4 23. Re6 Rf6 24. Rxf6 Bxf6 25. Qe4 Rf8 26. Qxc6 Qxc6 27. Bxc6
Kg7 28. Rd1 Rd8 29. Be4 Rd7 30. Kf1 Nd6 31. Bd3 Rc7 32. Rc1 Nb7 33. Ke2 a5 34.
a3 Kf7 35. h4 Re7+ 36. Kd2 g5 37. hxg5 Bxg5+ 38. f4 Bf6 39. c5 axb4 40. cxb6
Na5 41. Bc4+ Ke8 42. axb4 Nb7 43. Bd5 Nd6 44. b7 Nxb7 45. Rc8+ Nd8 46. Bc6+ Rd7
47. Bxd7+ 1-0

[Event "Master Tournament (MTO)"]
[Site "Biel/Bienne"]
[Date "2018.07.26"]
[Round "4.1"]
[White "Wagner, Dennis"]
[Black "Salem, A.R. Saleh"]
[Result "1-0"]
[WhiteElo "2558"]
[BlackElo "2642"]
[PlyCount "69"]
[EventDate "2018.07.23"]

1. d4 Nf6 2. c4 g6 3. Nc3 d5 4. Nf3 Bg7 5. h4 c5 6. dxc5 Na6 7. cxd5 Nxc5 8.
Be3 b6 9. Bd4 O-O 10. b4 e5 11. Bxe5 Re8 12. bxc5 Rxe5 13. Nxe5 Ng4 14. f4 Nxe5
15. fxe5 Bxe5 16. Qd3 bxc5 17. e4 Rb8 18. Rc1 Rb2 19. Be2 h5 20. Rc2 c4 21. Qd2
Qf6 22. Kd1 Rb6 23. Rf1 Qxh4 24. Rb2 Rd6 25. Bxc4 Qd8 26. Rb3 Kg7 27. Nb5 Ra6
28. Nd4 Bg4+ 29. Be2 Qd7 30. Bxg4 Qxg4+ 31. Nf3 Ra4 32. Rb4 Ra3 33. Qg5 Rxf3
34. Qxe5+ Rf6+ 35. Rf3 1-0

[Event "Master Tournament (MTO)"]
[Site "Biel/Bienne"]
[Date "2018.07.26"]
[Round "4.2"]
[White "Eljanov, Pavel"]
[Black "Kuljasevic, Davorin"]
[Result "1/2-1/2"]
[WhiteElo "2706"]
[BlackElo "2545"]
[PlyCount "0"]
[EventDate "2018.07.23"]

1. Nf3 d5 2. g3 c6 3. Bg2 Bg4 4. O-O e6 5. d3 Nd7 6. h3 Bh5 7. e4 Ne5 8. g4
Nxf3+ 9. Qxf3 dxe4 10. dxe4 Bg6 11. Bf4 Bc5 12. Rd1 Qe7 13. Qg3 Nf6 14. Nc3 O-O
15. Bd6 Bxd6 16. Qxd6 Qxd6 17. Rxd6 Rfd8 18. Rad1 Rxd6 19. Rxd6 Kf8 20. f4 Ke7
21. Rd2 h6 22. Kf2 e5 23. f5 Bh7 24. Bf1 Rd8 25. Rxd8 Kxd8 26. a4 Ne8 27. Bc4
Nd6 28. Ba2 Ke7 29. Ke3 Kf6 30. h4 g5 31. hxg5+ hxg5 32. b4 Bg8 33. Ne2 Kg7 34.
Ng3 Ne8 35. Nh5+ Kf8 36. Kd3 f6 37. Bxg8 Kxg8 38. c4 b6 39. c5 b5 40. axb5 cxb5
41. Kc3 Kf7 42. Ng3 Ke7 43. Nf1 Kd7 44. Ne3 Kc6 1/2-1/2

[Event "Master Tournament (MTO)"]
[Site "Biel/Bienne"]
[Date "2018.07.26"]
[Round "4.3"]
[White "Iturrizaga Bonelli, Eduardo"]
[Black "Moussard, Jules"]
[Result "1/2-1/2"]
[WhiteElo "2652"]
[BlackElo "2559"]
[PlyCount "0"]
[EventDate "2018.07.23"]

1. c4 d6 2. Nc3 e5 3. g3 g6 4. Bg2 Bg7 5. e4 Ne7 6. Nge2 Nbc6 7. d3 O-O 8. Rb1
a5 9. h4 f5 10. Be3 Nd4 11. exf5 Ndxf5 12. Bd2 h6 13. a3 c6 14. b4 axb4 15.
axb4 Be6 16. b5 d5 17. bxc6 1/2-1/2

[Event "Master Tournament (MTO)"]
[Site "Biel/Bienne"]
[Date "2018.07.26"]
[Round "4.4"]
[White "Bartel, Mateusz"]
[Black "Vaibhav, Suri"]
[Result "0-1"]
[WhiteElo "2604"]
[BlackElo "2556"]
[PlyCount "0"]
[EventDate "2018.07.23"]

1. e4 c6 2. d4 d5 3. e5 c5 4. dxc5 e6 5. a3 Bxc5 6. Qg4 Ne7 7. Nf3 Nf5 8. Bd3
h5 9. Qf4 Nc6 10. Bxf5 exf5 11. Qg3 g6 12. Bg5 Qa5+ 13. Nbd2 Qa4 14. Nb3 Qe4+
15. Kd2 h4 16. Nxc5 hxg3 17. hxg3 Rf8 18. Nxe4 dxe4 19. Ng1 Nxe5 20. Bf6 Nd7
21. Bd4 b6 22. a4 Ke7 23. a5 b5 24. Ne2 a6 25. Rad1 b4 26. Ke3 Rb8 27. Nf4 Rb5
28. Bg7 Rg8 29. Rh7 Rxa5 30. Nd5+ Ke6 31. Nc7+ Ke7 32. c3 Rxg7 33. Rxg7 bxc3
34. Rg8 cxb2 35. Re8+ Kf6 36. Rb1 Nb6 37. Kd2 Ra2 38. Kc3 Ra1 39. Rxb2 Na4+ 40.
Kd4 Rd1+ 41. Ke3 Rd3+ 42. Ke2 Nc3+ 0-1

[Event "Master Tournament (MTO)"]
[Site "Biel/Bienne"]
[Date "2018.07.26"]
[Round "4.5"]
[White "Lampert, Jonas"]
[Black "Donchenko, Alexander"]
[Result "1/2-1/2"]
[WhiteElo "2546"]
[BlackElo "2588"]
[PlyCount "0"]
[EventDate "2018.07.23"]

1. d4 Nf6 2. c4 e6 3. g3 d5 4. Bg2 Bb4+ 5. Bd2 Bd6 6. Nc3 O-O 7. cxd5 exd5 8.
Nxd5 Nxd5 9. Bxd5 Be7 10. Bg2 Qxd4 11. Bc3 Qb6 12. Nf3 Bf6 13. Qc2 Na6 14. O-O
Nb4 15. Qe4 a5 16. a3 Na6 17. Bxf6 Qxf6 18. Rac1 c6 19. Rfd1 Be6 20. Qe3 Bd5
21. Qb6 Rab8 22. Nd4 Qd8 23. Qa7 Bxg2 24. Kxg2 Qc7 25. Nb3 Rfe8 1/2-1/2

[Event "Master Tournament (MTO)"]
[Site "Biel/Bienne"]
[Date "2018.07.26"]
[Round "4.6"]
[White "Aravindh, Chithambaram Vr."]
[Black "Aryan, Chopra"]
[Result "0-1"]
[WhiteElo "2580"]
[BlackElo "2536"]
[PlyCount "0"]
[EventDate "2018.07.23"]

1. Nf3 Nf6 2. g3 g6 3. Bg2 Bg7 4. O-O O-O 5. c4 d6 6. Nc3 e5 7. d3 Nc6 8. Rb1
a5 9. Ne1 Re8 10. a3 Bd7 11. Bg5 Qc8 12. Nc2 Nd8 13. Bxf6 Bxf6 14. Nd5 Bg7 15.
b4 Ne6 16. e3 f5 17. Qd2 axb4 18. axb4 Qd8 19. b5 Rb8 20. Nc3 h5 21. Ra1 Nc5
22. Rfb1 e4 23. d4 Ne6 24. Ra7 h4 25. Nd5 g5 26. Qa5 Rf8 27. Rd1 g4 28. Nf4 Ng5
29. c5 Nf3+ 30. Bxf3 gxf3 31. c6 bxc6 32. bxc6 Bc8 33. Nb4 hxg3 34. hxg3 Bh6
35. Kf1 Bxf4 36. exf4 Rf7 37. Nc2 Rh7 38. Qa2+ d5 39. Ke1 Qd6 40. Ra8 Qxc6 41.
Ra3 Qb5 42. Kd2 Rh2 43. Ra5 Rxf2+ 44. Kc3 Qb6 45. Rb1 Rxc2+ 0-1

[Event "Master Tournament (MTO)"]
[Site "Biel/Bienne"]
[Date "2018.07.26"]
[Round "4.8"]
[White "Stojanovic, Mihajlo"]
[Black "Dragun, Kamil"]
[Result "1/2-1/2"]
[WhiteElo "2486"]
[BlackElo "2594"]
[PlyCount "0"]
[EventDate "2018.07.23"]

1. Nf3 Nf6 2. c4 g6 3. Nc3 Bg7 4. g3 b6 5. Bg2 Bb7 6. d4 Ne4 7. O-O Nxc3 8.
bxc3 O-O 9. Bf4 d6 10. Qd2 Nd7 11. Bh6 Nf6 12. Bxg7 Kxg7 13. Ne1 Qb8 14. Bxb7
Qxb7 15. f3 Qa6 16. Qd3 c5 17. d5 Qa4 18. e4 a6 19. Nc2 b5 20. Ne3 Nd7 21. f4
Nb6 22. cxb5 axb5 23. Rfb1 Nc4 24. Nxc4 bxc4 25. Qe2 Rfb8 26. Rxb8 Rxb8 27. Rf1
Ra8 28. Rf2 Qb5 29. Kg2 Qb1 30. Qxc4 Ra3 31. e5 Qe1 32. exd6 Rxc3 33. Qxc3+
Qxc3 34. dxe7 Qe3 35. d6 c4 36. Kf1 Qc1+ 37. Kg2 Qe3 38. Kf1 Qc1+ 39. Kg2 Qe1
40. Rf1 Qe2+ 41. Rf2 Qe4+ 42. Kf1 Qb1+ 43. Kg2 Qe1 44. Rf1 Qe3 45. Rf3 Qe4 46.
Kf2 Qc2+ 47. Kg1 Qe2 48. Rc3 f6 49. Rxc4 Kf7 50. Rc8 Qe1+ 51. Kg2 Qe2+ 52. Kg1
Qe1+ 53. Kg2 Qe4+ 54. Kf2 Qd4+ 55. Kg2 Qd5+ 56. Kg1 Qd1+ 57. Kg2 Qe2+ 58. Kg1
Qe1+ 1/2-1/2

[Event "Master Tournament (MTO)"]
[Site "Biel/Bienne"]
[Date "2018.07.26"]
[Round "4.9"]
[White "Prithu, Gupta"]
[Black "Kovchan, Alexander"]
[Result "1/2-1/2"]
[WhiteElo "2436"]
[BlackElo "2572"]
[PlyCount "0"]
[EventDate "2018.07.23"]

1. Nf3 c5 2. c4 Nc6 3. Nc3 g6 4. e3 Nf6 5. d4 cxd4 6. exd4 d5 7. cxd5 Nxd5 8.
Qb3 Nxc3 9. Qc4 e6 10. bxc3 Bg7 11. Ba3 Bf8 12. Bc1 Bg7 13. Ba3 Bf8 1/2-1/2

[Event "Master Tournament (MTO)"]
[Site "Biel/Bienne"]
[Date "2018.07.26"]
[Round "4.10"]
[White "Michalik, Peter"]
[Black "Flom, Gabriel"]
[Result "0-1"]
[WhiteElo "2562"]
[BlackElo "2515"]
[PlyCount "0"]
[EventDate "2018.07.23"]

1. d4 d5 2. c4 c6 3. cxd5 cxd5 4. Bf4 Nc6 5. e3 Nf6 6. Nc3 Bg4 7. Qb3 Na5 8.
Qa4+ Bd7 9. Qc2 e6 10. Nf3 Be7 11. h3 Nh5 12. Bh2 f5 13. Bd3 O-O 14. g4 Nf6 15.
gxf5 exf5 16. Ne5 Bb4 17. Nxd7 Qxd7 18. Bxf5 Qf7 19. O-O Nc4 20. Kh1 Bxc3 21.
bxc3 Rae8 22. Rg1 Ne4 23. Bxe4 Rxe4 24. Bg3 Qe6 25. Kh2 Rf3 26. Rg2 g5 27. h4
Qh3+ 28. Kg1 Nxe3 29. fxe3 Rxg3 0-1

[Event "Master Tournament (MTO)"]
[Site "Biel/Bienne"]
[Date "2018.07.26"]
[Round "4.11"]
[White "Antipov, Mikhail Al."]
[Black "Bilguun, Sumiya"]
[Result "1/2-1/2"]
[WhiteElo "2626"]
[BlackElo "2490"]
[PlyCount "0"]
[EventDate "2018.07.23"]

1. e4 c5 2. Nf3 e6 3. d4 cxd4 4. Nxd4 a6 5. c4 Nf6 6. Nc3 Qc7 7. Be2 b6 8. O-O
Bb7 9. Qd3 d6 10. f4 Nbd7 11. b4 g6 12. Bb2 Be7 13. Rac1 O-O 14. g4 e5 15. g5
Ne8 16. Nd5 Qd8 17. Bg4 Ng7 18. Qh3 exd4 19. Bxd7 f5 20. gxf6 Bxf6 21. Be6+ Kh8
22. Nxf6 Qxf6 23. Bd5 Bxd5 24. cxd5 Kg8 25. Qd3 Nh5 26. Bxd4 Qh4 27. f5 Rae8
28. fxg6 hxg6 29. Rxf8+ Kxf8 30. Kh1 Nf4 31. Qg3 Qxg3 32. hxg3 Ne2 33. Rd1
Nxg3+ 34. Kg2 Nxe4 35. Bxb6 Rb8 36. Ba5 Nc3 37. Rd2 Rb5 38. a3 Rxd5 39. Rc2 Rd3
40. a4 Nxa4 41. Rc6 Nb2 42. Bc7 Rb3 43. Bxd6+ Ke8 44. Rxa6 1/2-1/2

[Event "Master Tournament (MTO)"]
[Site "Biel/Bienne"]
[Date "2018.07.26"]
[Round "4.12"]
[White "Nezad, Husein Aziz"]
[Black "Romanov, Evgeny"]
[Result "1-0"]
[WhiteElo "2425"]
[BlackElo "2636"]
[PlyCount "0"]
[EventDate "2018.07.23"]

1. e4 c5 2. Nf3 e6 3. c3 d5 4. exd5 Qxd5 5. d4 Nf6 6. Be3 cxd4 7. cxd4 Be7 8.
Nc3 Qd6 9. Bd3 O-O 10. O-O Nc6 11. a3 Rd8 12. Qe2 b6 13. Rad1 Bb7 14. Rfe1 Nd5
15. Ng5 Bxg5 16. Bxg5 Re8 17. Qh5 g6 18. Ne4 Qf8 19. Qh4 f5 20. Nf6+ Nxf6 21.
Bxf6 Nb8 22. d5 Bxd5 23. Bc3 Nc6 24. Bb5 Rec8 25. Bxc6 Rxc6 26. Qd4 Rxc3 27.
Qxc3 Rc8 28. Qe5 Qc5 29. h3 a5 30. Qf4 Qb5 31. Rc1 Rc5 32. b4 axb4 33. axb4 Rc4
34. Rxc4 Qxc4 35. Qb8+ Kg7 36. Qa7+ Kh6 37. Qxb6 g5 38. Qc5 Qb3 39. h4 gxh4 40.
Qe3+ Qxe3 41. Rxe3 1-0

[Event "Master Tournament (MTO)"]
[Site "Biel/Bienne"]
[Date "2018.07.26"]
[Round "4.13"]
[White "Pfreundt, Jakob"]
[Black "Karthikeyan, Murali"]
[Result "1/2-1/2"]
[WhiteElo "2399"]
[BlackElo "2609"]
[PlyCount "0"]
[EventDate "2018.07.23"]

1. d4 Nf6 2. Nf3 g6 3. g3 Bg7 4. Bg2 O-O 5. O-O d6 6. Nc3 d5 7. Re1 Bf5 8. Nh4
Be6 9. e4 dxe4 10. Nxe4 Nxe4 11. Bxe4 c6 12. c3 Nd7 13. Bg2 Bd5 14. Bf1 b5 15.
b3 c5 16. Bxb5 cxd4 17. cxd4 Bb7 18. Bf1 Nb6 19. Bb2 Nd5 20. Rc1 Qd6 21. Bg2
Rfd8 22. Nf3 Nc7 23. Ba3 Qxa3 24. Rxc7 Bd5 25. Qe2 Bxf3 26. Bxf3 Rac8 27. Qxe7
Qxe7 28. Rcxe7 Bxd4 29. Kg2 Bb6 30. R1e2 Ba5 31. a3 Rd2 32. Rxd2 Bxd2 33. b4
1/2-1/2

[Event "Master Tournament (MTO)"]
[Site "Biel/Bienne"]
[Date "2018.07.26"]
[Round "4.14"]
[White "Indjic, Aleksandar"]
[Black "Meins, Gerlef"]
[Result "0-1"]
[WhiteElo "2599"]
[BlackElo "2409"]
[PlyCount "0"]
[EventDate "2018.07.23"]

1. c4 c5 2. Nf3 Nc6 3. Nc3 Nf6 4. d4 cxd4 5. Nxd4 g6 6. e4 Bg7 7. Be3 d6 8. Be2
O-O 9. Nc2 Be6 10. f3 Qa5 11. Qd2 Rfc8 12. Rc1 Nd7 13. Na3 Nc5 14. O-O Na4 15.
Nab1 Nxc3 16. Nxc3 a6 17. Rfd1 b5 18. Nd5 Qxd2 19. Rxd2 Bxd5 20. cxd5 Nd4 21.
Rxc8+ Rxc8 22. a3 Nc2 23. Bb6 Bh6 24. Rd3 Bc1 25. Bd1 Bxb2 26. Rd2 Nxa3 27.
Rxb2 Rc1 28. Ra2 Rxd1+ 29. Kf2 b4 30. Rb2 a5 31. Bxa5 Nc4 32. Rxb4 Nxa5 0-1

[Event "Master Tournament (MTO)"]
[Site "Biel/Bienne"]
[Date "2018.07.26"]
[Round "4.15"]
[White "Krejci, Jan"]
[Black "Krishna, C"]
[Result "1-0"]
[WhiteElo "2578"]
[BlackElo "2399"]
[PlyCount "0"]
[EventDate "2018.07.23"]

1. d4 d5 2. c4 c6 3. Nc3 Nf6 4. cxd5 cxd5 5. Bf4 Nc6 6. e3 Bg4 7. Qb3 Na5 8.
Qa4+ Bd7 9. Qc2 Rc8 10. Bd3 e6 11. Nf3 Be7 12. h3 h6 13. Ne5 Nc4 14. Qe2 Nxe5
15. dxe5 Ne4 16. Bxe4 dxe4 17. O-O Bc6 18. Rfd1 Qa5 19. a3 O-O 20. b4 Qb6 21.
b5 Be8 22. Nxe4 Bxb5 23. Qg4 Kh7 24. Nf6+ gxf6 25. Qh5 fxe5 26. Bxh6 Be2 27. f3
Rh8 28. Rd7 Rc7 29. Qxe5 Rg8 30. Rxc7 Bxf3 31. Rc2 Kxh6 32. Qf4+ Bg5 33. Qxf3
Qxe3+ 34. Qxe3 Bxe3+ 35. Kf1 Rg5 36. Rd1 Bc5 37. a4 Rf5+ 38. Ke2 b6 39. Rd7 a5
40. Kd3 Rf1 41. Rc7 Kg6 42. Rc4 f5 43. Rc6 Kf6 44. Rc2 f4 45. Re2 Be3 46. g3
Ke7 47. gxf4 Kd7 48. Rc4 Bxf4 49. Rg2 Be5 50. h4 Kd6 51. Rg8 Rf3+ 52. Ke2 Rh3
53. Rd8+ Ke7 54. Rd3 Rh2+ 55. Kf1 Bf6 56. Rc7+ Ke8 57. Rg3 1-0

[Event "Master Tournament (MTO)"]
[Site "Biel/Bienne"]
[Date "2018.07.26"]
[Round "4.16"]
[White "Lalith, Babu M R"]
[Black "Tania, Sachdev"]
[Result "1/2-1/2"]
[WhiteElo "2529"]
[BlackElo "2393"]
[PlyCount "0"]
[EventDate "2018.07.23"]

1. d4 Nf6 2. Nf3 b6 3. c4 e6 4. g3 Bb7 5. Bg2 Be7 6. Nc3 Ne4 7. Bd2 f5 8. O-O
Bf6 9. Ne5 Nxc3 10. Bxc3 Bxg2 11. Kxg2 O-O 12. Qd3 a5 13. Rfd1 Qc8 14. Qf3 Ra7
15. Nd3 Qb7 16. d5 Bxc3 17. bxc3 Na6 18. Ne5 Nc5 19. dxe6 Qxf3+ 20. Kxf3 dxe6
21. Nd7 Nxd7 22. Rxd7 Re8 23. Rad1 Kf8 24. e4 fxe4+ 25. Kxe4 a4 26. Rb1 Re7 27.
Rd8+ Re8 28. Rd4 Raa8 29. Ke3 Red8 30. Rf4+ Ke7 31. Rg4 Kf7 32. c5 bxc5 33. Rb5
Rd5 34. Rc4 Re5+ 35. Re4 Rxe4+ 36. Kxe4 Rd8 37. Rxc5 Rd2 38. a3 Rxf2 39. Rxc7+
Kf6 40. Rc4 Re2+ 41. Kf3 Rxh2 42. Rxa4 Rc2 43. Rc4 h5 44. a4 1/2-1/2

[Event "Master Tournament (MTO)"]
[Site "Biel/Bienne"]
[Date "2018.07.26"]
[Round "4.17"]
[White "Arjun, Kalyan"]
[Black "Zoler, Dan"]
[Result "1-0"]
[WhiteElo "2370"]
[BlackElo "2506"]
[PlyCount "0"]
[EventDate "2018.07.23"]

1. e4 c5 2. Nf3 Nf6 3. Nc3 d5 4. e5 Nfd7 5. d3 Nc6 6. Bf4 e6 7. g3 a6 8. Bg2 b5
9. O-O Be7 10. h4 b4 11. Nb1 h6 12. h5 a5 13. Re1 Qc7 14. Nbd2 a4 15. c4 Nb6
16. Nh2 Qd7 17. Qg4 Kf8 18. Rac1 Bb7 19. cxd5 Nxd5 20. Ne4 Ra5 21. Nf3 Nxf4 22.
Qxf4 Nd4 23. Nfd2 Qd5 24. Qg4 Ra7 25. Nc4 b3 26. axb3 Nxb3 27. Rcd1 Qd4 28. Kh2
Bd5 29. f4 Bxc4 30. dxc4 Qxb2 31. Re2 Qa3 32. f5 exf5 33. Qxf5 Kg8 34. Nf6+
gxf6 35. exf6 1-0

[Event "Master Tournament (MTO)"]
[Site "Biel/Bienne"]
[Date "2018.07.26"]
[Round "4.19"]
[White "Iniyan, P"]
[Black "Schnepp, Gunnar"]
[Result "1-0"]
[WhiteElo "2451"]
[BlackElo "2336"]
[PlyCount "0"]
[EventDate "2018.07.23"]

1. d4 Nf6 2. c4 c5 3. d5 b5 4. Nd2 g6 5. e4 d6 6. b3 Bg7 7. Bb2 O-O 8. cxb5 e6
9. dxe6 fxe6 10. Ngf3 Bb7 11. Bd3 a6 12. a4 axb5 13. axb5 Nbd7 14. O-O d5 15.
exd5 exd5 16. Qc2 Nh5 17. Rfe1 Bxb2 18. Qxb2 Nf4 19. Bf1 d4 20. b4 Rxa1 21.
Rxa1 d3 22. Bxd3 Nxd3 23. Qb3+ Rf7 24. Qxd3 cxb4 25. Qd4 Qb6 26. Rb1 Qxd4 27.
Nxd4 Nc5 28. f3 Rd7 29. Rxb4 Nd3 30. Ra4 Nb2 31. Ra2 Nd1 32. N4b3 Bd5 33. b6
Re7 34. h3 Re1+ 35. Kh2 Ne3 36. Ra7 Rb1 37. b7 Bxb7 38. Rxb7 Rb2 39. Re7 Nxg2
40. Kg3 g5 41. Kg4 Nf4 42. Kxg5 Nxh3+ 43. Kf5 h5 44. Nc5 h4 45. Re5 Rb7 46. Re4
1-0

[Event "Master Tournament (MTO)"]
[Site "Biel/Bienne"]
[Date "2018.07.26"]
[Round "4.20"]
[White "Rohith, Krishna S"]
[Black "Kaczmarczyk, Dennis"]
[Result "0-1"]
[WhiteElo "2015"]
[BlackElo "2444"]
[PlyCount "0"]
[EventDate "2018.07.23"]

1. d4 d5 2. Nf3 Nf6 3. g3 e6 4. Bg2 b5 5. O-O Nbd7 6. b3 Be7 7. Bb2 c5 8. Nbd2
Bb7 9. Ne5 Nxe5 10. dxe5 Nd7 11. c4 bxc4 12. bxc4 Nb6 13. f4 O-O 14. cxd5 Bxd5
15. Ne4 Qc7 16. Nf6+ Bxf6 17. e4 Be7 18. exd5 Nxd5 19. Qe2 Rfd8 20. f5 Rab8 21.
fxe6 fxe6 22. Qg4 Qd7 23. Be4 Bf8 24. Rf2 Ne3 25. Qh4 g6 26. Re1 Nf5 27. Bxf5
gxf5 28. Bc1 Rb4 29. Qg5+ Bg7 30. Bf4 Rd4 31. Kg2 c4 32. Rc1 Rc8 33. Kh3 c3 34.
Rfc2 Rdc4 35. Rb1 Kh8 36. Re1 h6 37. Qg6 Rxf4 38. gxf4 Qd3+ 39. Qg3 Qxc2 40.
Rg1 Rg8 0-1

[Event "Master Tournament (MTO)"]
[Site "Biel/Bienne"]
[Date "2018.07.27"]
[Round "5.1"]
[White "Vaibhav, Suri"]
[Black "Wagner, Dennis"]
[Result "1-0"]
[WhiteElo "2556"]
[BlackElo "2558"]
[PlyCount "97"]
[EventDate "2018.07.23"]

1. e4 e5 2. Nf3 Nc6 3. Bc4 Bc5 4. O-O Nf6 5. d3 d6 6. c3 a6 7. a4 h6 8. Nbd2
O-O 9. h3 Ne7 10. Re1 c6 11. Nf1 Ng6 12. d4 Ba7 13. dxe5 dxe5 14. Qxd8 Rxd8 15.
a5 Nh5 16. Be3 Bxe3 17. Nxe3 Nhf4 18. h4 h5 19. g3 Ne6 20. Rad1 Kf8 21. Ng5 Bd7
22. Nxe6+ Bxe6 23. Be2 Bb3 24. Rxd8+ Rxd8 25. Bxh5 Ne7 26. Bd1 Be6 27. Bg4 Bxg4
28. Nxg4 f6 29. Ne3 Nc8 30. Kf1 Ke7 31. Ke2 Nd6 32. f3 Rh8 33. Rh1 Ke6 34. g4
Rb8 35. Kd3 c5 36. h5 Rd8 37. Ke2 Rh8 38. Rd1 c4 39. Kd2 Rc8 40. Kc2 Rc5 41.
Kb1 Rb5 42. Rxd6+ Kxd6 43. Nxc4+ Kc5 44. Na3 Rb3 45. Kc2 Rxa3 46. bxa3 Kc4 47.
Kd2 Kc5 48. f4 Kd6 49. g5 1-0

[Event "Master Tournament (MTO)"]
[Site "Biel/Bienne"]
[Date "2018.07.27"]
[Round "5.2"]
[White "Kuljasevic, Davorin"]
[Black "Aryan, Chopra"]
[Result "1-0"]
[WhiteElo "2545"]
[BlackElo "2536"]
[PlyCount "46"]
[EventDate "2018.07.23"]

1. Nf3 Nf6 2. c4 g6 3. Nc3 Bg7 4. e4 d6 5. d4 O-O 6. Be2 e5 7. O-O Nc6 8. d5
Ne7 9. b4 Nh5 10. c5 f5 11. a4 fxe4 12. Nxe4 Nf4 13. Bc4 Bg4 14. Ra3 Nf5 15. h3
Bxf3 16. Rxf3 Nd4 17. Rc3 Kh8 18. cxd6 cxd6 19. b5 Rf7 20. Ba3 Bf8 21. Re1 Rc7
22. Bb4 Rac8 23. Ba2 Nc2 1-0

[Event "Master Tournament (MTO)"]
[Site "Biel/Bienne"]
[Date "2018.07.27"]
[Round "5.3"]
[White "Flom, Gabriel"]
[Black "Iturrizaga Bonelli, Eduardo"]
[Result "0-1"]
[WhiteElo "2515"]
[BlackElo "2652"]
[PlyCount "104"]
[EventDate "2018.07.23"]

1. d4 Nf6 2. c4 e6 3. Nc3 Bb4 4. f3 c5 5. d5 exd5 6. cxd5 d6 7. e4 O-O 8. Nge2
Nh5 9. g4 Qh4+ 10. Kd2 Nf6 11. Qe1 Qxe1+ 12. Kxe1 a6 13. Bf4 Ne8 14. Ng3 g6 15.
Be2 Nd7 16. Rg1 Ne5 17. Bh6 Ng7 18. Nf5 gxf5 19. gxf5 Ng6 20. h4 Bd7 21. Kd2
Kh8 22. fxg6 fxg6 23. f4 Rae8 24. Bf3 Rf7 25. Rae1 Ba5 26. h5 Nxh5 27. Bxh5
gxh5 28. f5 b5 29. Rg5 b4 30. Reg1 bxc3+ 31. bxc3 Bd8 32. Bg7+ Rxg7 33. Rxg7
Bb5 34. e5 dxe5 35. Ke3 h4 36. Ke4 h3 37. R7g3 Ba4 38. Rxh3 Bc2+ 39. Ke3 c4 40.
Rg2 Bxf5 41. Rh5 Bd3 42. Rh6 Ba5 43. d6 Rd8 44. d7 Rxd7 45. Rxa6 Bd8 46. a4 Bg6
47. a5 Kg7 48. Ra8 Rd3+ 49. Ke2 Kf7 50. Rf2+ Ke7 51. a6 Rxc3 52. a7 Be4 0-1

[Event "Master Tournament (MTO)"]
[Site "Biel/Bienne"]
[Date "2018.07.27"]
[Round "5.4"]
[White "Bilguun, Sumiya"]
[Black "Eljanov, Pavel"]
[Result "1/2-1/2"]
[WhiteElo "2490"]
[BlackElo "2706"]
[Annotator "Doe,John"]
[PlyCount "135"]
[EventDate "2018.07.23"]

1. e4 c6 2. d4 d5 3. Nc3 dxe4 4. Nxe4 Bf5 5. Ng3 Bg6 6. h4 h6 7. Nf3 Nd7 8. h5
Bh7 9. Bd3 Bxd3 10. Qxd3 e6 11. Bd2 Ngf6 12. O-O-O a5 13. Ne4 Nxe4 14. Qxe4 Nf6
15. Qd3 Bd6 16. Rdg1 Qc7 17. Kb1 O-O-O 18. Re1 Bb4 19. c3 Bd6 20. g3 a4 21. a3
Qb6 22. Ka1 Qb3 23. Bc1 Bc7 24. Nd2 Qd5 25. Qe2 Rhe8 26. Nc4 Qb5 27. f4 Nd5 28.
Rhf1 f5 29. Rh1 Nf6 30. Be3 Re7 31. Bf2 Rg8 32. Nd2 Qxe2 33. Rxe2 g6 34. hxg6
Rxg6 35. Kb1 Kd7 36. Kc2 b6 37. Nf3 Ne4 38. Rh3 Reg7 39. Ne5+ Bxe5 40. dxe5 Rh7
41. Be1 b5 42. Reh2 c5 43. Kd3 Kc6 44. Rh4 c4+ 45. Ke3 Rd7 46. Rxh6 Rxh6 47.
Rxh6 Nc5 48. Bf2 Kd5 49. Ke2 Nd3 50. Rh8 Nxf2 51. Kxf2 Ke4 52. Ke2 Rd3 53. Rg8
Re3+ 54. Kd2 Kf3 55. Rg6 Re2+ 56. Kc1 Re1+ 57. Kd2 Re2+ 58. Kc1 Rg2 59. Rxe6
Rxg3 60. Rb6 Rg1+ 61. Kd2 Rg2+ 62. Kc1 Kxf4 63. Rxb5 Re2 64. Rc5 Rxe5 65. Rxc4+
Ke3 66. Rxa4 f4 67. Ra8 f3 68. Rf8 {Fehlende Züge!} 1/2-1/2

[Event "Master Tournament (MTO)"]
[Site "Biel/Bienne"]
[Date "2018.07.27"]
[Round "5.5"]
[White "Salem, A.R. Saleh"]
[Black "Erigaisi, Arjun"]
[Result "1/2-1/2"]
[WhiteElo "2642"]
[BlackElo "2499"]
[PlyCount "57"]
[EventDate "2018.07.23"]

1. d4 Nf6 2. c4 e6 3. Nf3 d5 4. g3 Be7 5. Bg2 O-O 6. O-O dxc4 7. Qc2 a6 8. a4
Bd7 9. Qxc4 Bc6 10. Bg5 Bd5 11. Qc2 Be4 12. Qd1 c5 13. dxc5 Bxc5 14. Nc3 Bc6
15. Ne5 Bxg2 16. Kxg2 h6 17. Bxf6 Qxf6 18. f4 Qe7 19. Rf3 Rd8 20. Rd3 Nc6 21.
Nxc6 bxc6 22. Ne4 Bb6 23. Rc1 Qb4 24. Nd6 Rxd6 25. Rxd6 Qe4+ 26. Kh3 Qf5+ 27.
Kg2 Qe4+ 28. Kh3 Qf5+ 29. Kg2 1/2-1/2

[Event "Master Tournament (MTO)"]
[Site "Biel/Bienne"]
[Date "2018.07.27"]
[Round "5.6"]
[White "Donchenko, Alexander"]
[Black "Stojanovic, Mihajlo"]
[Result "1-0"]
[WhiteElo "2588"]
[BlackElo "2486"]
[PlyCount "87"]
[EventDate "2018.07.23"]

1. Nf3 d5 2. g3 Nf6 3. Bg2 c6 4. c4 Bg4 5. Ne5 Be6 6. d4 dxc4 7. Na3 g6 8.
Nexc4 Bg7 9. e4 O-O 10. O-O Qc8 11. Qe2 Bh3 12. Bf4 Bxg2 13. Kxg2 Nbd7 14. Rac1
Qd8 15. Rfd1 Rc8 16. b4 Nb6 17. Na5 Qd7 18. Nb3 e6 19. Nc5 Qe7 20. h4 Nh5 21.
Bg5 Qc7 22. Qf3 h6 23. Be3 Nf6 24. h5 g5 25. Rh1 Rfd8 26. Nb1 Ne8 27. Rhd1 Qe7
28. a4 Nd6 29. Qe2 Rc7 30. f4 Nd7 31. fxg5 hxg5 32. h6 Bxh6 33. Rh1 Bg7 34.
Nxd7 Rcxd7 35. Qh5 Ne8 36. Bxg5 Qxb4 37. Rcf1 Rc8 38. Be3 c5 39. Rf2 Rcc7 40.
Qh7+ Kf8 41. e5 Rxd4 42. Rhf1 Rg4 43. Kh3 Qe4 44. Bxc5+ 1-0

[Event "Master Tournament (MTO)"]
[Site "Biel/Bienne"]
[Date "2018.07.27"]
[Round "5.7"]
[White "Kaczmarczyk, Dennis"]
[Black "Baklan, Vladimir"]
[Result "1/2-1/2"]
[WhiteElo "2444"]
[BlackElo "2595"]
[PlyCount "87"]
[EventDate "2018.07.23"]

1. d4 Nf6 2. c4 e6 3. g3 Bb4+ 4. Bd2 a5 5. Nf3 b6 6. Bg2 Bb7 7. O-O O-O 8. Bf4
Be7 9. Nc3 Ne4 10. Qd3 Nxc3 11. bxc3 f5 12. Ne1 Qc8 13. e4 fxe4 14. Bxe4 Bxe4
15. Qxe4 Nc6 16. Nc2 Bf6 17. Rfe1 Ne7 18. Rab1 Rb8 19. Na3 Ng6 20. Bd2 Be7 21.
Nc2 Qa6 22. Ne3 Qa8 23. Qxa8 Rxa8 24. a4 Nh8 25. Ng4 Nf7 26. Ne5 Nxe5 27. Rxe5
Rac8 28. Reb5 Kf7 29. Be3 Ra8 30. c5 bxc5 31. dxc5 Rfc8 32. Kf1 d6 33. Ke2 e5
34. c4 Ke6 35. Bd2 c6 36. Rb7 dxc5 37. Bc3 Bf6 38. Ke3 Kf5 39. f3 h5 40. h3
Bg5+ 41. Ke2 Bf6 42. Ke3 Bg5+ 43. Ke2 Bf6 44. Ke3 1/2-1/2